[Event "Khanty-Mansiysk FIDE GP (Women)"]
[Site "Khanty-Mansiysk"]
[Date "2014.04.20"]
[Round "10"]
[White "Stefanova, Antoaneta"]
[Black "Lagno, Kateryna"]
[Result "1/2-1/2"]
[WhiteElo "2489"]
[BlackElo "2543"]
[Annotator "ChessBase Website"]
[PlyCount "102"]
[EventDate "2014.04.09"]
[EventType "tourn"]
[EventRounds "11"]
[EventCountry "RUS"]
[EventCategory "10"]
[SourceTitle "CBM 160"]
[Source "ChessBase"]
[SourceDate "2014.05.15"]
[SourceVersion "1"]
[SourceVersionDate "2014.05.15"]
[SourceQuality "1"]
[TimeControl "40/5400+30:1800+30"]
[WhiteClock "1:30:00"]
[BlackClock "1:30:00"]

1. d4 {[%emt 0:00:00]} Nf6 {[%emt 0:00:00]} 2. c4 {[%emt 0:00:00]} g6 {[%emt 0:
00:00]} 3. Nc3 {[%emt 0:00:00]} d5 {[%emt 0:00:00]} 4. cxd5 {[%emt 0:00:00]}
Nxd5 {[%emt 0:00:00]} 5. Bd2 {[%emt 0:00:00]} Bg7 {[%emt 0:00:12]} 6. e4 {
[%emt 0:00:03]} Nxc3 {[%emt 0:00:09]} 7. Bxc3 {[%emt 0:00:05]} O-O {[%emt 0:00:
14]} 8. h4 {[%emt 0:02:48]} (8. Qd2 c5 9. d5 Bxc3 10. bxc3 Qd6 11. f4 e6 12.
Bc4 b5 13. Bxb5 exd5 14. exd5 Nd7 15. Bxd7 Bxd7 16. Nf3 Bb5 17. Kf2 Rad8 18.
Rad1 Rfe8 19. Rhe1 f6 20. a3 Rxe1 21. Rxe1 Qxd5 22. Qxd5+ Rxd5 23. g4 Kf7 24.
g5 Rf5 25. Kg3 Bc6 26. gxf6 Bxf3 27. Kxf3 Kxf6 28. c4 g5 29. Re4 gxf4 30. a4 a5
31. h4 Kf7 32. Re1 Rh5 33. Kg4 Rh6 34. Re5 f3 35. Kxf3 Rxh4 36. Rxc5 Ke6 {
1/2-1/2 (36) Gelfand,B (2777)-Dominguez Perez,L (2754) Wijk aan Zee 2014}) 8...
c5 {[%emt 0:03:01]} 9. d5 {[%emt 0:00:05]} e6 $146 {[%emt 0:00:04]} (9... Bxc3+
10. bxc3 e6 11. d6 Qf6 12. Qd2 Nc6 13. h5 Rd8 14. Rd1 e5 15. hxg6 hxg6 16. Nf3
Bg4 17. Qh6 Rab8 18. Bc4 Rd7 19. Rd3 b5 20. Bd5 Nd8 21. Ng5 b4 22. c4 Rxd6 23.
Rg3 b3 24. axb3 Ra6 25. O-O Be6 26. Rf3 Qg7 27. Qxg7+ Kxg7 28. Bxe6 fxe6 29.
Rd1 Kh6 30. Rxd8 {1-0 (30) Shirov,A (2702)-Maletin,P (2582) Loo 2014}) 10. d6 {
[%emt 0:14:03]} Nc6 {[%emt 0:07:05]} 11. Nf3 {[%emt 0:17:31]} e5 {[%emt 0:03:
40]} 12. Qd5 {[%emt 0:00:22]} Nd4 {[%emt 0:20:55]} 13. Bd3 {[%emt 0:04:54]} Be6
{[%emt 0:14:37]} 14. Qxc5 {[%emt 0:02:07]} Rc8 {[%emt 0:00:35]} 15. Qa3 {
[%emt 0:18:06]} Nxf3+ {[%emt 0:01:58]} 16. gxf3 {[%emt 0:00:04]} Rc6 {[%emt 0:
03:38]} 17. Qxa7 {[%emt 0:09:28]} Rxd6 {[%emt 0:02:58]} 18. Be2 {[%emt 0:02:17]
} b6 {[%emt 0:09:46]} 19. a4 {[%emt 0:07:01]} Bh6 {[%emt 0:08:38]} 20. Bxe5 {
[%emt 0:10:40]} Rd2 {[%emt 0:00:04]} 21. Bb5 {[%emt 0:02:47]} Bb3 {[%emt 0:09:
27]} 22. Kf1 {[%emt 0:02:07]} Bg7 {[%emt 0:04:24]} 23. Bxg7 {[%emt 0:01:02]}
Kxg7 {[%emt 0:00:01]} 24. Kg2 {[%emt 0:00:39]} Qd4 {[%emt 0:04:35]} 25. Rhf1 {
[%emt 0:01:29]} Rc8 {[%emt 0:01:32]} 26. a5 {[%emt 0:00:36]} bxa5 {[%emt 0:00:
46]} 27. Qxd4+ {[%emt 0:02:24]} Rxd4 {[%emt 0:00:04]} 28. Rfc1 {[%emt 0:00:26]}
Rxc1 {[%emt 0:00:13]} 29. Rxc1 {[%emt 0:00:01]} a4 {[%emt 0:00:48]} 30. Rc8 {
[%emt 0:00:48]} h5 {[%emt 0:01:11]} 31. Ra8 {[%emt 0:00:24]} Rd2 {[%emt 0:01:
29]} 32. Bxa4 {[%emt 0:00:39]} Bxa4 {[%emt 0:00:04]} 33. Rxa4 {[%emt 0:00:03]}
Rxb2 {[%emt 0:00:04]} 34. Ra7 {[%emt 0:00:28]} Re2 {[%emt 0:00:37]} 35. Re7 {
[%emt 0:01:08]} Kf8 {[%emt 0:00:14]} 36. Re5 {[%emt 0:00:26]} Re1 {[%emt 0:00:
23]} 37. Ra5 $14 {[%emt 0:00:18] Stefanova went pawn hunting early in the
opening and she survived the incoming counter-attack from Lagno, reaching a
pawn up endgame. The position was objectively drawish, but some mistakes by
the Ukrainian put Stefanova in a great position to win. However, as usual for
her in this tournament, her technique let her down and Lagno escaped with a
draw.} Kg7 {[%emt 0:00:10]} 38. Ra4 {[%emt 0:00:09]} Rb1 {[%emt 0:01:07]} 39.
f4 {[%emt 0:00:27]} Rb3 {[%emt 0:02:02]} 40. Ra5 {[%emt 0:00:00]} Rb4 {[%emt 0:
00:00]} 41. f3 {[%emt 0:04:35]} f5 {[%emt 0:13:44]} 42. Ra7+ {[%emt 0:04:45]}
Kh6 {[%emt 0:07:35]} 43. e5 {[%emt 0:17:20]} Rxf4 {[%emt 0:00:05]} 44. e6 {
[%emt 0:00:04]} Rb4 {[%emt 0:00:11]} 45. Rf7 {[%emt 0:05:46]} Rb6 {[%emt 0:02:
35]} 46. e7 {[%emt 0:01:51]} Re6 {[%emt 0:00:04]} 47. Kg3 {[%emt 0:00:43]} Re5
{[%emt 0:00:27]} 48. Kf4 {[%emt 0:00:23]} Re6 {[%emt 0:00:14]} 49. Kg3 {
[%emt 0:00:07]} Re5 {[%emt 0:00:04]} 50. Kf4 {[%emt 0:00:03]} Re6 {[%emt 0:00:
03]} 51. Kg3 {[%emt 0:00:05]} Re5 {[%emt 0:00:03]} 1/2-1/2

[Event "Khanty-Mansiysk FIDE GP (Women)"]
[Site "Khanty-Mansiysk"]
[Date "2014.04.16"]
[Round "7"]
[White "Dzagnidze, Nana"]
[Black "Lagno, Kateryna"]
[Result "1/2-1/2"]
[WhiteElo "2550"]
[BlackElo "2543"]
[Annotator "ChessBase Website"]
[PlyCount "32"]
[EventDate "2014.04.09"]
[EventType "tourn"]
[EventRounds "11"]
[EventCountry "RUS"]
[EventCategory "10"]
[SourceTitle "CBM 160"]
[Source "ChessBase"]
[SourceDate "2014.05.15"]
[SourceVersion "1"]
[SourceVersionDate "2014.05.15"]
[SourceQuality "1"]
[TimeControl "40/5400+30:1800+30"]
[WhiteClock "1:30:00"]
[BlackClock "1:30:00"]

1. d4 {[%emt 0:00:00]} Nf6 {[%emt 0:00:00]} 2. c4 {[%emt 0:00:00]} g6 {[%emt 0:
00:00]} 3. Nc3 {[%emt 0:00:00]} d5 {[%emt 0:00:09]} 4. cxd5 {[%emt 0:00:18]}
Nxd5 {[%emt 0:00:05]} 5. e4 {[%emt 0:00:06]} Nxc3 {[%emt 0:00:08]} 6. bxc3 {
[%emt 0:00:04]} Bg7 {[%emt 0:00:11]} 7. Be3 {[%emt 0:00:06]} c5 {[%emt 0:01:22]
} 8. Rc1 {[%emt 0:00:21]} Qa5 {[%emt 0:00:50]} 9. Qd2 {[%emt 0:00:09]} O-O {
[%emt 0:00:12]} 10. Nf3 {[%emt 0:03:04]} Rd8 {[%emt 0:00:11]} 11. h3 {[%emt 0:
12:42]} (11. d5 e6 12. Bg5 Rd6 13. Bf4 Rd8 14. Bg5 Rd6 15. Bf4 Rd8 {1/2-1/2 
(15) Khenkin,I (2656)-Grischuk,A (2763) Istanbul 2012}) 11... Nc6 {[%emt 0:12:
07]} 12. d5 {[%emt 0:10:06]} e6 {[%emt 0:02:20]} 13. Bg5 $146 {[%emt 0:29:35]
Dzagnidze must have been surprised by Lagno's opening choice as she forced a
repetition in a still theoretical position.} (13. c4 Nb4 14. Be2 b6 15. Bg5 Rd7
16. O-O Nxa2 17. Qxa5 bxa5 18. Ra1 Nc3 19. Bd3 a4 20. Be3 Ba6 21. Ra3 exd5 22.
exd5 Rb8 23. Nd2 Rb2 24. Rc1 Na2 25. Rc2 Rxc2 26. Bxc2 Nc3 27. Bxa4 Rc7 28. Bc6
Bc8 29. Bxc5 h5 30. Bd6 Bf8 31. c5 Nxd5 32. Bxd5 {1-0 (32) Sasikiran,K (2675)
-Kozakov,M (2456) Venacu 2006}) 13... Rd6 {[%emt 0:00:27]} 14. Bf4 {[%emt 0:02:
38]} Rd8 {[%emt 0:02:08]} 15. Bg5 {[%emt 0:01:38]} Rd6 {[%emt 0:03:07]} 16. Bf4
{[%emt 0:00:18]} Rd8 {[%emt 0:03:19]} 1/2-1/2

[Event "EU-chT (Men) 11th"]
[Site "Pula"]
[Date "1997.05.??"]
[Round "5.3"]
[White "Dautov, Rustem"]
[Black "Rytshagov, Mikhail"]
[Result "1/2-1/2"]
[WhiteElo "2590"]
[BlackElo "2485"]
[Annotator "Dautov,R"]
[PlyCount "91"]
[EventDate "1997.05.05"]
[EventType "team-swiss"]
[EventRounds "9"]
[EventCountry "CRO"]
[SourceTitle "CBM 057 Extra"]
[Source "ChessBase"]
[SourceDate "1997.05.01"]
[SourceVersion "1"]
[SourceVersionDate "1997.05.01"]
[SourceQuality "1"]
[WhiteTeam "Germany"]
[BlackTeam "Estonia"]
[WhiteTeamCountry "GER"]
[BlackTeamCountry "EST"]

1. d4 Nf6 2. c4 g6 3. Nc3 d5 4. Nf3 Bg7 5. cxd5 Nxd5 6. e4 Nxc3 7. bxc3 c5 8.
Be3 Qa5 9. Qd2 Nc6 10. Rb1 a6 11. Rc1 cxd4 12. cxd4 Qxd2+ 13. Kxd2 f5 14. e5
Be6 15. Bc4 (15. Ng5 Bxa2 16. Bc4 Bxc4 17. Rxc4 Bh6 18. Ne6 Kf7 $17 {Vaganian,
R-Chekhov,V/URS 1982}) 15... Bxc4 16. Rxc4 O-O 17. g3 (17. Ke2 f4 18. Bd2 Rad8
19. Bc3 h6 20. h4 Rd7 $11 {Soyer-Blees /Cannes 1990}) 17... Rfd8 {N} (17... h6
18. Rb1 $14 (18. Ne1 Rfd8 {1/2-1/2 Seirawan,Y-Gulko,B/USA (ch) 1992})) 18. Rb1
Nxe5 (18... Rd7 $5) 19. Nxe5 Bxe5 20. Rxb7 Bf6 21. Rb6 $14 {><a6} g5 (21... Kf7
22. h4 $14) (21... Rd5 22. Kd3 (22. Rc5 $2 Rxd4+ 23. Bxd4 Bxd4 $15) 22... Rb5
23. Rbc6 Kf7 24. Ra4 a5 25. Rc5 Rxc5 26. dxc5 $16) 22. Kd3 Kf7 23. f3 $1 (23.
Ra4 $6 e5 {/\f4}) (23. f4 gxf4 24. Bxf4 (24. gxf4 Rg8 $132) 24... Rd5 $11 {
/\Rad8}) 23... Rd7 {/\e5} (23... Rd5 $2 24. Rc5 $16) (23... Rd6 24. Rxd6 exd6
25. d5 $14) 24. Ra4 $2 (24. g4 fxg4 25. fxg4 h5 26. gxh5 (26. h3 hxg4 27. hxg4
Rh8 28. Rxa6 Rh4) 26... Rh8 27. Rxa6 Rxh5 28. Rc2 Rh3 $132) (24. Bf2 $1 $16 {/\
} e5 (24... a5 25. Rb5 e5 26. Ra4 Ke6 27. Raxa5 Rxa5 28. Rxa5 exd4 29. Ra6+ Kf7
30. a4 $16) 25. Rcc6 Bg7 26. Rxa6 Rxa6 27. Rxa6 exd4 28. a4 $1 (28. Ra4 $2 Rb7
29. Bxd4 Bxd4 30. Kxd4 Rb2 $11) 28... Rb7 29. Bxd4 Bxd4 30. Kxd4 Rb3 31. f4
gxf4 32. gxf4 Rh3 33. Ke5 Rxh2 34. Kxf5 $18) 24... e5 25. Raxa6 Rxa6 26. Rxa6
exd4 27. Bf2 h5 $6 $138 (27... Rb7 $1 28. Bxd4 Bxd4 29. Kxd4 Rb2 30. h3 (30.
Ke5 Rb5+ 31. Kd6 Rb2) (30. h4 f4) 30... Rf2 31. Ke3 Rh2 $11) 28. Ra4 (28. a4 $1
Rb7 29. Bxd4 Bxd4 30. Kxd4 Rb3 $8 (30... Rb2 $2 31. Ke5 Rxh2 32. Kxf5 (32. Rf6+
Ke7 33. Rxf5 Re2+) 32... Rh3 33. Ra7+ Ke8 (33... Kf8 34. Kf6 $1) 34. Kxg5 Rxg3+
35. Kf4 h4 36. a5 Rg1 37. a6 $18) 31. f4 (31. Ke5 Rxf3 32. Rf6+ Kg7 33. Rxf5
Ra3 34. Rxg5+ Kh6 $11) 31... gxf4 32. gxf4 Rh3 33. Ke5 Rxh2 34. Kxf5 Rg2 35.
Ra7+ Kg8 36. a5 h4 37. a6 h3 $11) 28... Rb7 29. f4 (29. Bxd4 Bxd4 30. Kxd4 Rb2
$11) 29... gxf4 30. gxf4 Rb2 $11 31. Bxd4 Bxd4 32. Kxd4 Rxh2 33. Ke5 h4 34.
Kxf5 Rg2 35. Ra7+ Kg8 36. Ra3 h3 37. Rxh3 Rxa2 38. Kg5 Kg7 39. Rb3 Rg2+ 40. Kf5
Rf2 41. Rb7+ Kf8 42. Kg5 Ra2 43. Rb6 Kf7 44. Rb7+ Kf8 45. f5 Ra6 46. f6 1/2-1/2

[Event "Moscow ZSKS"]
[Site "Moscow"]
[Date "1992.??.??"]
[Round "?"]
[White "Kiselev, Sergey"]
[Black "Krasenkow, Michal"]
[Result "1-0"]
[WhiteElo "2540"]
[BlackElo "2495"]
[Annotator "Dautov,R"]
[PlyCount "65"]
[EventDate "1992.??.??"]
[EventType "tourn"]
[EventRounds "11"]
[EventCountry "RUS"]
[EventCategory "8"]
[SourceTitle "CBM 030"]
[Source "ChessBase"]
[SourceDate "1992.10.01"]
[SourceVersion "1"]
[SourceVersionDate "1992.10.01"]
[SourceQuality "1"]

1. d4 Nf6 2. c4 g6 3. Nc3 d5 4. cxd5 Nxd5 5. e4 Nxc3 6. bxc3 Bg7 7. Bb5+ c6 8.
Ba4 b5 9. Bb3 b4 10. Ne2 bxc3 11. Be3 O-O (11... Ba6 12. Rc1 Qa5 13. Nxc3 (13.
Qc2 $14 {Ftacnik}) 13... Nd7 14. Qd2 O-O 15. Ne2 Qxd2+ 16. Kxd2 c5 (16... Rfd8
$5) 17. dxc5 Ne5 18. Nc3 Rfd8+ 19. Kc2 $13 {Shlosser,P-Zakic,S Budapest Cansys
1991}) (11... Ba6 12. Rc1 Nd7 13. e5 e6 14. Nxc3 c5 15. f4 cxd4 16. Qxd4 O-O {
Kischnjev,S-Horvath,J Leukerbad 1992} 17. Kf2 $14) 12. Rc1 Nd7 (12... Ba6 13.
Rxc3 Qa5 14. Qd2 Rd8 15. Rc2 Qxd2+ 16. Kxd2 Nd7 17. Rxc6 Bb7 18. Rc7 Bxe4 19.
f3 Bf5 $14 {Dautov,R-Ftacnik,L Muenchen 1990/91}) 13. e5 (13. O-O Ba6 14. Re1
Bxe2 15. Rxe2 Qa5 16. Rec2 c5 17. Rxc3 Rad8 18. Rd3 cxd4 19. Bxd4 Ne5 $10) (13.
Nxc3 $5 Ba6 14. e5 (14. f3 c5 $1) (14. Na4 $5) (14. Ne2 Qa5+ 15. Qd2 Qxd2+ 16.
Kxd2 c5 $13) 14... c5 (14... Nb6 15. Ne4 Nd5 16. Nc5 $16) 15. f4 cxd4 16. Qxd4
$14) 13... c5 $1 14. e6 (14. dxc5 Nxe5 15. O-O Ba6 $17) 14... fxe6 15. O-O (15.
dxc5 Ne5 16. Qxd8 Rxd8 17. Rxc3 Nd3+ 18. Kf1 Bxc3 19. Nxc3 Kf7 20. Ke2 Ba6 $17)
15... Ba6 16. Bxe6+ (16. dxc5 Ne5 $2 17. Nd4 Bxf1 18. Qxf1 Qa5 19. Nxe6 $16) (
16. dxc5 Nxc5 $1 17. Bxc5 Qxd1 18. Bxd1 Rfc8 19. Be3 c2 $15) 16... Kh8 17. d5 (
17. dxc5 Nxc5 18. Bxc5 Qxd1 19. Rfxd1 Bxe2 20. Re1 Bd3 $15) 17... Ne5 18. Rxc3
$1 (18. Nxc3 Bxf1 19. Qxf1 Qa5 20. Ne4 c4 21. Qe2 Rab8 $17 {/\Rb2}) 18... Bxe2
19. Qxe2 Nf3+ 20. gxf3 Bxc3 21. Bxc5 $44 Qc7 (21... Bf6 $5 22. Qe3 a5 {/\Rb8})
22. Qe3 Bf6 23. Rc1 Qa5 24. a3 Qa4 25. Rb1 a5 26. Rb7 Rab8 $4 (26... Qh4 27. f4
Rfb8 28. Rc7 a4 $13) 27. Rxb8 Rxb8 28. Bxe7 $1 $18 Qd4 29. d6 Qa1+ 30. Kg2 Bd4
31. Qf4 Qb2 32. Kh3 Qa1 33. Bc4 1-0

[Event "Bad Homburg"]
[Site "Bad Homburg"]
[Date "1997.??.??"]
[Round "7"]
[White "Dautov, Rustem"]
[Black "Alterman, Boris"]
[Result "1/2-1/2"]
[WhiteElo "2595"]
[BlackElo "2615"]
[Annotator "Dautov,R"]
[PlyCount "79"]
[EventDate "1997.07.26"]
[EventType "tourn"]
[EventRounds "9"]
[EventCountry "GER"]
[EventCategory "14"]
[SourceTitle "CBM 060"]
[Source "ChessBase"]
[SourceDate "1997.09.29"]
[SourceVersion "1"]
[SourceVersionDate "1997.09.29"]
[SourceQuality "1"]

1. d4 {Ftacnik} Nf6 2. Nf3 g6 3. c4 Bg7 4. Nc3 d5 5. cxd5 Nxd5 6. e4 Nxc3 7.
bxc3 c5 8. Be3 Qa5 9. Qd2 Nc6 10. Rb1 O-O 11. Rb5 cxd4 12. Rxa5 dxe3 13. Qxe3
Nxa5 14. Nd4 (14. Qc5 $6 {Ftacnik} b6 15. Qxe7 Bxc3+ $40) 14... Bd7 (14... b6
15. Be2 Bb7 16. O-O Rfc8 17. f4 Rc5 18. e5 Rac8 19. Rc1 Nc4 20. Qh3 e6 21. Nxe6
fxe6 22. Qxe6+ Kh8 23. Rd1 $40 {Razuvaev,Y-Dvoirys,S/URS 1983} (23. Rd1 {
Ftacnik} Ne3 24. Rd7 Bd5 25. Qe7 Nf5 26. Rd8+ Bg8 27. Qe8 Rxd8 28. Qxd8 {
1-0 Razuvaev,Y-Dvoirys,S/USSR 1983 (32)})) 15. e5 {N} (15. Be2 Rfc8 16. O-O Nc4
(16... Rc7 $5) (16... Rc7 $1 {Ftacnik} 17. e5 $6 (17. f3 Rac8 18. Rc1 Nc4 $15)
17... e6 18. Bb5 (18. Rc1 Rac8 $17) 18... Nc4 19. Bxc4 Rxc4 20. Rd1 Rac8 21.
Ne2 Bc6 22. Qxa7 (22. f4 b6 23. Kf2 h5 24. g3 Bf8 25. h3 Bc5 26. Nd4 Bd5 27.
Rd2 Ra4 $17) 22... Bxe5 $17 {Ikonnikov,V-Adorjan,A/Uebach rapid/1996/}) 17. Qg5
(17. Bxc4 Rxc4 18. e5 Rac8 19. e6 fxe6 20. Nxe6 Rxc3 21. Qe4 Bc6 $1 22. Qe2 Bf6
23. Rd1 Ba4 $1 24. Re1 Rc1 25. Nf4 Kh8 $15) 17... Bf6 18. Qd5 Nb6 19. Qa5 (19.
Qxb7 Rxc3 20. Nb5 Rc2 $11) 19... e6 20. e5 Be7 $132 {Dautov-Smejkal/Frankfurt
25' 1997} (20... Be7 21. f4 Nc4 22. Bxc4 Rxc4 23. Rb1 b6 24. Qa6 Rxc3 25. Qb7
Rd8 26. Nb3 a5 27. Rd1 a4 28. Rxd7 Rxd7 29. Qxd7 axb3 30. Qxe7 b2 31. Qd8+ {
1/2-1/2 Dautov,R-Smejkal,J/Franfurt CC Ordix 1997})) 15... Rfc8 16. f4 e6 17.
Be2 (17. Bb5 {Ftacnik} Nc4 (17... Bxb5 18. Nxb5 Nc4 19. Qd3 $16) 18. Bxc4 Rxc4
19. O-O Rac8 $13) (17. Nb5 {Ftacnik} Bxb5 18. Bxb5 Bf8 $14) 17... Rc7 18. O-O
Rac8 19. Qd2 (19. Bb5 $5 a6 20. Bxd7 Rxd7 21. Qh3 Re8 {/\Nc4<=>}) 19... Bf8 (
19... Rxc3 $6 20. Bb5 Bxb5 21. Nxb5 R3c5 22. Qd7 $36 (22. Nxa7 $16 {Ftacnik}))
(19... Nc4 {Ftacnik} 20. Bxc4 Rxc4 21. Nf5 $16) 20. Rf3 $2 (20. Nb3 Nxb3 21.
axb3 a5 22. Ra1 Be8 (22... b6 $5) 23. Rxa5 Rxc3 24. Ra8 Bc5+ 25. Kf1 Rf3+ (
25... Rxa8 26. Qxc3 b6) 26. Bxf3 Bb5+ 27. Be2 Bxe2+ 28. Kxe2 Rxa8 $14) 20...
Nc4 21. Bxc4 (21. Qe1 $5 {Ftacnik} Nb2 22. Rh3 Na4 $132) 21... Rxc4 $11 22. h3
(22. Rd3 Bc5 23. h3 Bc6 24. Kh2 Be4 25. Re3 $2 (25. Rg3) 25... Bxd4 26. Rxe4
Bg1+ $17) 22... b5 $5 (22... Bc5 $1 23. Rg3 (23. Kh2 Bxd4 24. cxd4 Rc2 25. Qa5
Bc6 26. Rg3 Bd5 27. a3 Rf2 $15) 23... Bc6 24. Kh2 Bxd4 25. cxd4 Rd8 26. Rd3 Be4
27. Rc3 Rcxd4 28. Qe3 $11) 23. Kh2 a6 (23... b4 $6 {Ftacnik} 24. cxb4 Bxb4 25.
Qd3 Rc3 26. Qa6 $16) 24. Rd3 Bc6 (24... Be8 $2 25. f5 exf5 26. Nxf5 $16) 25.
Nxc6 (25. f5 {Ftacnik} Be4 26. fxg6 Bxg6 (26... Bxd3 27. gxf7+ Kxf7 28. Qxd3
$16) 27. Rf3 Bg7 $132) 25... R4xc6 26. Qe3 h5 27. g4 $5 (27. Rd7 {Ftacnik} Bh6
$1 $13 (27... Rxc3 28. Qa7)) 27... hxg4 28. hxg4 Bh6 29. Qg3 (29. Qd2 Rc4 30.
g5 Bf8 $11) 29... Rc4 30. Rf3 Ra4 31. f5 (31. Kh3 Rcc4) 31... exf5 $1 (31...
Rcc4 $2 32. fxe6 fxe6 33. Qh4 Rxa2+ 34. Kh3 Bg7 35. Qe7 $16) (31... Rxa2+ {
Ftacnik} 32. Kh3 $40) 32. gxf5 Rcc4 33. Qf2 (33. Kh3 $2 g5 $17) (33. fxg6 $2 {
Ftacnik} Rh4+ 34. Kg2 Rhg4 $19) 33... Rh4+ (33... Bf4+ 34. Kg1 Bxe5 (34... gxf5
35. Qg2+ Kf8 36. Qh3 $14) 35. fxg6 Rg4+ 36. Kf1 fxg6 37. Qc5 Rgf4 $11) 34. Kg2
gxf5 35. Rg3+ (35. Rxf5 $4 Rag4+ 36. Kf1 Rf4 $19) 35... Kh8 36. Qxf5 Rxa2+ 37.
Kg1 (37. Kf3 $2 {Ftacnik} Rf4+ 38. Qxf4 Bxf4 39. Kxf4 a5 $17) 37... Ra1+ 38.
Kg2 Ra2+ 39. Kg1 Ra1+ 40. Kg2 1/2-1/2

[Event "Olympiad-34"]
[Site "Istanbul"]
[Date "2000.11.06"]
[Round "9.3"]
[White "Dautov, Rustem"]
[Black "Romanishin, Oleg M"]
[Result "1/2-1/2"]
[WhiteElo "2606"]
[BlackElo "2591"]
[Annotator "Dautov,R"]
[PlyCount "56"]
[EventDate "2000.10.28"]
[EventType "team-swiss"]
[EventRounds "14"]
[EventCountry "TUR"]
[SourceTitle "EXT 2001"]
[Source "ChessBase"]
[SourceDate "2000.11.22"]
[SourceVersion "1"]
[SourceVersionDate "2000.11.22"]
[SourceQuality "1"]
[WhiteTeam "Germany"]
[BlackTeam "Ukraine"]
[WhiteTeamCountry "GER"]
[BlackTeamCountry "UKR"]

1. d4 Nf6 2. c4 g6 3. Nc3 d5 4. Nf3 Bg7 5. cxd5 Nxd5 6. e4 Nxc3 7. bxc3 c5 8.
Be3 Qa5 9. Qd2 O-O 10. Rc1 Bg4 11. d5 {Prinzipiell gespielt. Weder 11.Be2 noch
11.Ng5 bereitet Schwarz Probleme.} (11. Be2 e6 12. d5 exd5 13. exd5 c4 (13...
Bxf3 14. Bxf3 c4 15. O-O Nd7 16. d6 Ne5 17. Bxb7 Rad8 18. Bg5 Rd7 $44 {
Kasparov,G-Kouatly,B/Graz 1981}) 14. O-O Nd7 15. Rfd1 Rac8 16. Bd4 Bxf3 17.
Bxg7 Bxe2 18. Bxf8 Bxd1 19. Bb4 Qd8 20. Rxd1 Ne5 $11 {Petran,P-Kouatly,B/
Budapest 1987}) (11. Ng5 cxd4 (11... h6 $6 12. h3 $14) 12. cxd4 Qxd2+ (12...
Nc6 13. Qxa5 Nxa5 14. Be2 Bxe2 15. Kxe2 Rfc8 16. Nf3 Nc4 17. Nd2 Nxd2 18. Kxd2
Rd8 19. Rc4 {1/2-1/2 Yermolinsky,A-Svidler,P/Elista olm 1998}) 13. Kxd2 Nc6 14.
d5 Na5 15. Bd3 h6 16. h3 Bd7 17. Nf3 e6 18. Bc5 Rfe8 19. Bb4 exd5 20. exd5 b6
21. Rc7 Rad8 $132 22. Re1 (22. Bxa5 bxa5 23. Rxa7 Bf8 $44) 22... Rxe1 23. Kxe1
{1/2-1/2 Yermolinsky,A-Svidler,P/Wijk aan Zee 1999}) 11... Bxf3 12. gxf3 Nd7
13. c4 Qc7 14. f4 {Weiß setzt sein gewaltiges Bauernzentrum direkt in Bewegung.
} ({Er konnte auch zuerst seine Entwicklung beenden:} 14. Bh3 Rab8 15. Bxd7 (
15. f4 b5 $13) 15... Qxd7 16. Bxc5 b5 17. Qe3 bxc4 18. O-O Rbc8 (18... Rb2 $5)
19. Rxc4 Qh3 20. e5 Bh6 21. Qe4 f5 22. exf6 Rxf6 $14 {Gavrikov,V-Romanishin,O/
Yerevan 1982}) 14... e5 $1 15. dxe6 $2 {Eine falsche Entscheidung nach sehr
langem Nachdenken. Nachdem ich zu meiner großen Überraschung ein "Loch" in der
Theoriefortsetzung entdeckt hatte, konnte ich mich nicht zu mutigem 15.fxe5!
entschließen.} ({Ich erinnerte mich an die (ungeprüfte) Theorieempfelung} 15.
f5 {?!} Nf6 16. Bd3 gxf5 $2 (16... Nh5 $1 $11) 17. exf5 e4 18. Be2 Qe5 19. Rg1
Qxh2 20. Rg3 Nh5 21. Rg5 Nf6 22. Kd1 $16 {, Birnboim,N-Shvidler,E/Israel ch
1984, konnte aber während der Partie beim besten Willen nicht verstehen, warum
Schwarz stattdessen nicht 16...Nh5! spielte. Der Springer bekäme einen guten
Blockadeposten auf f4, und der weiße Königsangriff würde sofort an
Gefährlichkeit verlieren.}) (15. fxe5 $1 {war korrekt. Weiß sollte weiterhin
auf sein Bauernzentrum setzen. Dabei muß er auf ein mögliches Figurenopfer des
Gegners vorbereitet sein.} Nxe5 (15... Bxe5 16. f4 $14) (15... Qxe5 16. Bd3 Qh5
17. f4 $14) 16. Be2 Nd7 17. f4 Rae8 18. e5 $14) 15... fxe6 16. Bh3 Rae8 (16...
Qc6 17. O-O Rad8 18. Rfd1 Qxe4 19. Qd6 $44) 17. O-O Nf6 $1 $15 {Das stolze
Bauernzentrum von Weiß ist verschwunden, und das Läuferpaar kann nicht alle
seine Bauernschwächen kompensieren. Es droht 18...Nh5.} 18. e5 Nh5 19. Bg4 (19.
Rfd1 $5 Bh6 20. Qd7 Qxd7 21. Rxd7 Nxf4 22. Bxf4 Bxf4 $15) 19... Bh6 ({
Chancenreicher war der prophylaktische Zug} 19... b6 $5 $15 {/\Qf7}) 20. Qd6 $1
{Die beste Lösung der Probleme. Weiß tauscht seinen schwachen Bauern f4 gegen
den schwarzen auf c5 und strebt unmittelbar danach den Damentausch an.} Qf7 ({
Nichts versprach Schwarz auch der sofortige Übergang ins Endspiel:} 20... Qxd6
21. exd6 b6 22. d7 $1 Re7 23. Rcd1 Rd8 24. Rd6 Nxf4 (24... Kf7 $2 25. f5 $1) (
24... Ng7 $2 25. f5 $1 Bxe3 26. f6) 25. Bxf4 Bxf4 26. Bxe6+ Kg7 27. Rc6 $11)
21. Qxc5 Bxf4 (21... b6 22. Qc6 Nxf4 23. Rcd1 $11) 22. Bxh5 gxh5 23. Bxf4 Qxf4
24. Qe3 $11 {Nun ist die Stellung ausgeglichen.} Re7 25. Qxf4 Rxf4 26. Rc2 Rg7+
27. Kh1 Rg5 (27... Re4 28. f4 Rf7 29. c5 Rexf4 30. Rxf4 Rxf4 31. c6 bxc6 32.
Rxc6 $11) 28. Rg1 Rxg1+ 1/2-1/2